Loading...

Management of banking and financial services

Bibliographic Details
Main Author: Padmalatha Suresh
Other Authors: Paul, Justin
Format: Printed Book
Published: Chennai Pearson India education services pvt ltd 2014
Edition:3
Subjects:
LEADER 00791nam a22002417a 4500
003 OSt
020 |a 9789332507470 
082 |a 658.15  |b PAD/MA 
100 |a Padmalatha Suresh 
245 |a Management of banking and financial services  
250 |a 3 
260 |a Chennai   |b Pearson India education services pvt ltd  |c 2014 
300 |a xiv, 683p. 
546 |a English 
650 |a Managing Banking  
650 |a Global Financial System  
650 |a Monetary Policy 
650 |a Managing Marketing Risk 
650 |a Cash Management and Demand Forecasting in ATMs 
700 |a Paul, Justin 
942 |2 ddc  |c BK 
999 |c 155800  |d 155800 
952 |0 0  |1 0  |2 ddc  |4 0  |6 658_150000000000000_PADMA  |7 0  |8 Gen  |9 154842  |a KAUCLV  |b KAUCLV  |c GENERAL  |d 2017-06-17  |g 599.00  |o 658.15 PAD/MA  |p 227434  |r 2017-06-17  |y BK